| 000 | 00375nam a2200157Ia 4500 | ||
|---|---|---|---|
| 008 | 200103s9999||||xx |||||||||||||| ||und|| | ||
| 020 | _a007Y857008, | ||
| 040 | _aIMU-MPC | ||
| 082 | _aColumn-8 | ||
| 100 | _aSiskind, Charles S. | ||
| 245 | 0 | _aElectrical Machines | |
| 250 | _a2nd ed. | ||
| 260 |
_bMcGraw-Hill Book Company, Inc. _c1985 |
||
| 300 | _aix, 563 | ||
| 942 | _cBK | ||
| 999 |
_c3956 _d3956 |
||